LIBRARY & INFORMATION CENTRE, KCAET, TAVANUR

ONLINE PUBLIC ACCESS CATALOGUE (OPAC)

Optimized micro grids integrated with renewable energy sources for rural households (Record no. 14978)

MARC details
000 -LEADER
fixed length control field 00740nam a22001817a 4500
003 - CONTROL NUMBER IDENTIFIER
control field OSt
088 ## - REPORT NUMBER
Report number P 242
100 ## - MAIN ENTRY--AUTHOR NAME
Personal name AKHIL P. SEBASTIAN
-- LEKSHMI A.V
-- NIMISH K.C
245 ## - TITLE STATEMENT
Title Optimized micro grids integrated with renewable energy sources for rural households
260 ## - PUBLICATION, DISTRIBUTION, ETC. (IMPRINT)
Place of publication Tavanur 2012
Name of publisher DEPARTMENT OF FARM POWER, MACHINERY AND ENERGY
300 ## - PHYSICAL DESCRIPTION
Number of Pages 50
500 ## - GENERAL NOTE
General note Optimized micro grids integrated with renewable energy sources for rural households
520 ## - SUMMARY, ETC.
Summary, etc Optimized micro grids integrated with renewable energy sources for rural households
700 ## - ADDED ENTRY--PERSONAL NAME
Personal name Dr. Geetha Susan Philip (Guide)
856 ## - ELECTRONIC LOCATION AND ACCESS
Uniform Resource Identifier https://drive.google.com/open?id=1fLj52_ka1rGaIP1Nw49ZVDBwhfGYKqsx
942 ## - ADDED ENTRY ELEMENTS (KOHA)
Koha item type Project Report
Holdings
Collection code Home library Current library Shelving location Full call number Accession Number Koha item type
Reference KAUAET KAUAET Reference 631.3 AKH/OP P 242 Project Report
free website counter